000 00678nam a2200157 a 4500
008 081029s2008 ||||||||||||||||| || u
050 _aIBRD(02)
110 _aWorld Bank
245 1 0 _aUnleashing prosperity: productivity growth in Eastern Europe and the former soviet union
260 _aWashington, D. C.
_bWorld Bank
_c2008
300 _axii, 277p. :ill
350 _a0.00
650 _aINDUSTRIAL PRODUCTIVITY--FORMER SOVIET REPUBLICS
650 _aINDUSTRIAL PRODUCTIVIITY--EUROPE, EASTERN
995 _D0.00
_FCBU-MAIN LIBRARY (Kitwe)
_H1
_I0.00
_M1
_UAVAILABLE
_WNov 5, 2008
_ZInternational Publications
999 _c60914
_d60914